000 03026am aa2200469i 44500
003 PE-LiUPU
005 20251023114507.0
008 2112s2021 pe#a rb 001 0 spa d
020 _a9786124396410
035 _aPE-LiUPU000051
040 _aPE-LiUPU
_bspa
_cPE-LiUPU
_erda
082 0 4 _a720.9811
_223
_bC578l
100 _aCiriani Espejo, Patricia,
_eautora.
_97439
245 1 0 _aLima la sublime :
_bapuntes para una ciudad caníbal /
_cpor Patricia Ciriani Espejo.
264 1 _aLima :
_bFondo Editorial de la Universidad Nacional de Ingeniería (EDUNI), Facultad de Arquitectura, Urbanismo y Artes, Instituto de Investigación INIFAUA,
_cdiciembre de 2021.
300 _a259 páginas :
_bilustraciones (algunas a color), fotografías ;
_c28 cm.
336 _atexto
_btxt
_2rdacontent
337 _asin mediación
_bn
_2rdamedia
338 _avolumen
_bnc
_2rdacarrier
500 _aPrimera edición. Tiraje de 500 ejemplares.
500 _aIncluye fotografías de Genaro Alva, Samuel Chambi, Luis Ascúe, Alejandro Jaime, Patricia Ciriani, entre otros.
500 _aHecho el Depósito Legal en la Biblioteca Nacional del Perú N.º 2021-13982.
500 _aImpreso en diciembre de 2021 en Gráfica Fénix, Lima, Perú.
504 _aIncluye bibliografía (p. 243–246) e índice onomástico (p. 247).
505 0 _aPrólogo -- Preámbulos -- Ensayos para una ciudad caníbal -- La curaduría como activismo urbano -- Derivas críticas -- Diálogos -- Epílogo -- Ilustraciones -- Bibliografía -- Índice onomástico.
520 _aObra que propone una lectura crítica y estética de la ciudad de Lima, interpretándola como una urbe compleja, híbrida y contradictoria. A través de ensayos, artículos y reflexiones curatoriales, la autora examina los fenómenos urbanos contemporáneos, la relación entre arte, arquitectura y sociedad, y la construcción simbólica de la metrópoli limeña. El texto combina teoría, crítica y práctica cultural, proponiendo una mirada interdisciplinaria hacia la ciudad latinoamericana.
546 _aTexto en español.
600 1 4 _aCiriani Espejo, Patricia
_xCrítica e interpretación.
_97440
650 2 4 _aArquitectura
_xAspectos sociales
_zPerú.
_97279
650 2 4 _aArquitectura y urbanismo
_97295
650 2 4 _aCiudades y pueblos
_xAspectos sociológicos.
_97441
650 0 _aArte y arquitectura.
_97442
655 7 _aEnsayos peruanos
_2rdfs
700 _aLudeña Urquizo, Wiley,
_eprologuista.
_97443
710 _aUniversidad Nacional de Ingeniería (Perú).
_bFacultad de Arquitectura, Urbanismo y Artes,
_eeditor.
_97444
710 _aFondo Editorial EDUNI,
_eeditor.
_97445
710 2 _aInstituto de Investigación INIFAUA,
_eeditor.
856 4 0 _uhttps://fondoeditorial.uni.edu.pe
_zSitio web del Fondo Editorial EDUNI.
942 _2ddc
_cBK
980 _621515
_aROMINA COBOS Adquisiciones
_818226
_gJaime Vilcazán Jefe de Análisis Documental
999 _c63131
_d63130